Do you know anything about Viet Nam? Quiz Stats

 Plays Quiz not verified by Sporcle

Challenge
Share
Tweet
Embed
Score 0/50 Timer 20:00
0 Plays Today
Hint Answer % Correct
Border countries ???
74.4%
Flag color???
72.1%
Capital city???
72.1%
Border countries???
72.1%
Municipalities???
72.1%
Flag color???
69.8%
First president of Vietnam???
67.4%
Border countries???
65.1%
Main religion???
48.8%
Drives on the... ???
41.9%
Largest city???
39.5%
Municipalities???
39.5%
Border sea???
34.9%
Internet code???
30.2%
Traditional food???
25.6%
Municipalities???
25.6%
Independent Day???
23.3%
Main religion???
20.9%
Number of ethnic groups???
18.6%
State-owned national airline???
16.3%
Traditional clothing???
16.3%
Year of joining the ASEAN???
14%
Has been recognized by UNESCO as a World Heritage Site twice???
14%
Border gulf???
14%
Official name???
11.6%
Hint Answer % Correct
Calling code???
11.6%
Municipalities???
11.6%
Border gulf???
7%
Number or provinces???
7%
Municipalities???
7%
Education categories???
4.7%
Education categories???
4.7%
Longest vacation for all people in Vietnam???
4.7%
Number of islands???
2.3%
President???
2.3%
Prime minister???
2.3%
Time zone???
2.3%
Education categories???
2.3%
Population???
0%
Position???
0%
National slogan???
0%
National anthem???
0%
National legislature???
0%
Largest ethnic group???
0%
Government ???
0%
Currency???
0%
Years of being conquered by Chinese???
0%
Education categories???
0%
National Party???
0%
Education categories???
0%

You're not logged in!

Compare scores with friends on all Sporcle quizzes.
Join for Free
OR
Log In

You Might Also Like...

Show Comments

Extras

Created Feb 18, 2016ReportFavoriteNominate
Tags:anything, nam

Top Quizzes Today


Score Distribution

Your Account Isn't Verified!

In order to create a playlist on Sporcle, you need to verify the email address you used during registration. Go to your Sporcle Settings to finish the process.

Report this User

Report this user for behavior that violates our Community Guidelines.

Details: